Paget's law of banking / (Record no. 551)

MARC details
000 -LEADER
fixed length control field 01207pam a22003614a 4500
001 - CONTROL NUMBER
control field 15061746
003 - CONTROL NUMBER IDENTIFIER
control field OSt
005 - DATE AND TIME OF LATEST TRANSACTION
control field 20150706121859.0
008 - FIXED-LENGTH DATA ELEMENTS--GENERAL INFORMATION
fixed length control field 071029s2007 enk b 001 0 eng
010 ## - LIBRARY OF CONGRESS CONTROL NUMBER
LC control number 2007534286
015 ## - NATIONAL BIBLIOGRAPHY NUMBER
National bibliography number GBA656041
Source bnb
016 7# - NATIONAL BIBLIOGRAPHIC AGENCY CONTROL NUMBER
Record control number 013495106
Source Uk
020 ## - INTERNATIONAL STANDARD BOOK NUMBER
International Standard Book Number 9781405712989 (hbk.)
020 ## - INTERNATIONAL STANDARD BOOK NUMBER
International Standard Book Number 0406025983
035 ## - SYSTEM CONTROL NUMBER
System control number (OCoLC)ocm70173671
040 ## - CATALOGING SOURCE
Original cataloging agency Uk
Transcribing agency Uk
Modifying agency NhCcYBP
-- DLC
042 ## - AUTHENTICATION CODE
Authentication code ukblsr
-- lccopycat
043 ## - GEOGRAPHIC AREA CODE
Geographic area code e-uk-en
050 00 - LIBRARY OF CONGRESS CALL NUMBER
Classification number KD1715
Item number .P3 2007
082 04 - DEWEY DECIMAL CLASSIFICATION NUMBER
Classification number 346.082 PAG
Edition number 22
245 00 - TITLE STATEMENT
Title Paget's law of banking /
Statement of responsibility, etc General editor, Mark Hapgood ;with contributions from, Neil Levy... [et al]
246 3# - VARYING FORM OF TITLE
Title proper/short title Law of banking
250 ## - EDITION STATEMENT
Edition statement 11th ed. _
260 ## - PUBLICATION, DISTRIBUTION, ETC. (IMPRINT)
Place of publication, distribution, etc London :
Name of publisher, distributor, etc LexisNexis Butterworths,
Date of publication, distribution, etc c1996.
300 ## - PHYSICAL DESCRIPTION
Extent ciii, 709p. ;
Dimensions 26 cm.
504 ## - BIBLIOGRAPHY, ETC. NOTE
Bibliography, etc Includes bibliographical references and index.
650 #0 - SUBJECT ADDED ENTRY--TOPICAL TERM
Topical term or geographic name as entry element Banking law
Geographic subdivision England.
9 (RLIN) 1604
700 1# - ADDED ENTRY--PERSONAL NAME
Personal name Hapgood, Mark.
9 (RLIN) 1605
700 1# - ADDED ENTRY--PERSONAL NAME
Personal name Paget, John R.
Fuller form of name (John Rahere),
Titles and other words associated with a name Sir,
Dates associated with a name 1848-1938.
Title of a work Law of banking.
9 (RLIN) 1606
906 ## - LOCAL DATA ELEMENT F, LDF (RLIN)
a 7
b cbc
c copycat
d 2
e ncip
f 20
g y-gencatlg
942 ## - ADDED ENTRY ELEMENTS (KOHA)
Source of classification or shelving scheme Dewey Decimal Classification
Koha item type Books
Holdings
Withdrawn status Lost status Source of classification or shelving scheme Damaged status Not for loan Home library Current library Shelving location Date acquired Total Checkouts Full call number Barcode Date last seen Price effective from Koha item type
    Dewey Decimal Classification     Law Development Centre Main Library Law Development Centre Main Library Text Books and Laws 04/26/2011   346.082 PAG 012/96 04/26/2011 04/26/2011 Books
    Dewey Decimal Classification     Law Development Centre Main Library Law Development Centre Main Library Text Books and Laws 04/26/2011   346.082 PAG 112/09 04/26/2011 04/26/2011 Books